000 00673nam a2200241Ia 4500
003 OSt
005 20221005043653.0
006 a|||||r|||| 00| 0
007 ta
008 221004b |||||||| |||| 00| 0 eng d
024 _a66797
037 _cTextual
040 _aCRL
_cCRL
_beng
041 _2eng
_aeng
082 _aY:5a, M5
100 _aKendadamath G C Ed.
_9591783
245 0 _aPopulation and family planning in India
_b A selected bibliography.
260 _aGurgaon
_bIndian documentation service
_c1985
300 _a162p.
_ccm.
650 _aSOCIOLOGY
942 _hY:5a, M5
_cTEXL
_2cc
999 _c952229
_d952229